Návrh na zlepšenie procesu monitorovania spokojnosti zamestnancov v spoločnosti Bonfiglioli Slovakia s.r.o.

Saved in:
Bibliographic Details
Main Author: Králiková, Nikola (Author)
Other Authors: Kučerová, Marta (Thesis advisor)
Format: Manuscript Book
Language:Slovak
Published: 2017
Subjects:
Online Access:http://is.stuba.sk/zp/portal_zp.pl?podrobnosti=121082
Tags: Add Tag
No Tags, Be the first to tag this record!

MARC

LEADER 00000ntm a22000003a 4500
001 stuzp62339
003 SK-STU
005 20170624211453.0
007 ta
008 150427s2015----xo-----f-mn---000-0-slo-d
040 |a STU  |b slo 
041 0 |a slo 
100 1 |a Králiková, Nikola  |u 064000  |4 aut  |U MTF Materiálovotechnologická fakulta  |T MTF Ústav priemyselného inžinierstva a manažmentu  |X 77379  |U M4000  |Y 84  |7 77379 
242 0 1 |a The proposal to improve an employee satisfaction monitoring at Bonfiglioli Slovakia s.r.o.  |y eng 
245 1 0 |a Návrh na zlepšenie procesu monitorovania spokojnosti zamestnancov v spoločnosti Bonfiglioli Slovakia s.r.o. 
260 |c 2017 
650 4 |a pracovná spokojnosť  |2 slo 
650 4 |a spoločenská zodpovednosť  |2 slo 
650 4 |a Bonfiglioli Slovakia s.r.o.  |2 slo 
650 4 |a employee satisfaction  |2 eng 
650 4 |a social responsibility  |2 eng 
650 4 |a Bonfiglioli Slovakia s.r.o.  |2 eng 
700 1 |a Kučerová, Marta  |u 064000  |k Z1  |4 ths  |U MTF Materiálovotechnologická fakulta  |T MTF Ústav priemyselného inžinierstva a manažmentu  |X 1489  |U M4000  |Y 84  |7 A000001489 
856 4 |u http://is.stuba.sk/zp/portal_zp.pl?podrobnosti=121082 
996 |c M* BP-7974  |l MMSKP  |s P  |a 0  |w stuzp62339_0001